A mesterséges intelligencia felhasználása az e-kereskedelemben
| Szerző: | |
|---|---|
| További közreműködők: | |
| Dokumentumtípus: | Projektmunka |
| Kulcsszavak: | algoritmus(ok) e-kereskedelem elektronikus kereskedelem - online kereskedelem elektronikus vásárlás - online vásárlás mesterséges intelligencia |
| Online Access: | http://dolgozattar.uni-bge.hu/59813 |
MARC
| LEADER | 00000nnm a2200000 i 4500 | ||
|---|---|---|---|
| 001 | dolg59813 | ||
| 005 | 20260409145609.0 | ||
| 008 | 260409suuuu hu o 000 hun d | ||
| 040 | |a BGE Dolgozattár Repozitórium |b hun | ||
| 041 | |a hu | ||
| 100 | 1 | |a Molnár-Szalai Gábor | |
| 245 | 1 | 2 | |a A mesterséges intelligencia felhasználása az e-kereskedelemben |c Molnár-Szalai Gábor |h [elektronikus dokumentum] |
| 516 | |a Project_work | ||
| 520 | 3 | |a A digitális kor térnyerésével az e-kereskedelem mára a gazdaság egyik meghatározó szektorává vált, átformálva a fogyasztói szokásokat és a vállalkozások működési modelljeit. E dinamikusan fejlődő területen a mesterséges intelligencia egyre jelentősebb szerepet tölt be, új lehetőségeket teremtve a felhasználói élmény javítására, a működési hatékonyság növelésére és a versenyelőny kiépítésére. Jelen szakdolgozat a mesterséges intelligencia e-kereskedelmi tekintetben való alkalmazásának komplex jelenségét vizsgálja. A dolgozat elsődleges célja, hogy átfogó képet nyújtson a mesterséges intelligencia jelenlegi és potenciális szerepéről az online kereskedelemben. Ennek érdekében részletesen feltárja a nemzetközi e-kereskedelmi piac meghatározó szereplőinek – mint az Alibaba Group Holding, a PDD Holdings Inc. (Temu), az Amazon.com, Inc. és a Nanjing Dianwei Information Technology Korlátolt Felelősségű Társaság (Shein) – történetét, működési mechanizmusait és azt, hogy milyen területeken alkalmazzák a mesterséges intelligencia technológiáját üzleti céljaik elérésére. | |
| 695 | |a algoritmus(ok) | ||
| 695 | |a e-kereskedelem | ||
| 695 | |a elektronikus kereskedelem - online kereskedelem | ||
| 695 | |a elektronikus vásárlás - online vásárlás | ||
| 695 | |a mesterséges intelligencia | ||
| 700 | 1 | |a Kegye Krisztina |e ths | |
| 856 | 4 | 0 | |u http://dolgozattar.uni-bge.hu/59813/1/XO6176_Molnar_Szalai_Gabor_A%20MESTERS%C3%89GES%20INTELLIGENCIA%20FELHASZN%C3%81L%C3%81SA%20AZ%20E-KERESKEDELEMBEN.pdf |z Dokumentum-elérés |
| 856 | 4 | 0 | |u http://dolgozattar.uni-bge.hu/59813/2/KM%20FOSZK%20b%C3%ADr%C3%A1lati%20lap_Moln%C3%A1r-Szalai%20G%C3%A1bor.pdf |z Dokumentum-elérés |